Kalyan Anka:Varsha 44-Anka-12 (Record no. 345735)

MARC details
000 -LEADER
fixed length control field 003190000a22001450004500
005 - DATE AND TIME OF LATEST TRANSACTION
control field 20120302054456.0
040 ## - CATALOGING SOURCE
Original cataloging agency HIN
245 ## - TITLE STATEMENT
Title Kalyan Anka:Varsha 44-Anka-12
260 ## - PUBLICATION, DISTRIBUTION, ETC. (IMPRINT)
Place of publication, distribution, etc Gorakhpur:Geeta,19670
300 ## - PHYSICAL DESCRIPTION
Extent 1299-1356p.
650 ## - SUBJECT ADDED ENTRY--TOPICAL TERM
Topical term or geographic name as entry element Sankirna
650 ## - SUBJECT ADDED ENTRY--TOPICAL TERM
Topical term or geographic name as entry element Maaasik-Kalyan
650 ## - SUBJECT ADDED ENTRY--TOPICAL TERM
Topical term or geographic name as entry element Maasik
942 ## - ADDED ENTRY ELEMENTS (KOHA)
Koha item type Book
Holdings
Withdrawn status Lost status Damaged status Not for loan Home library Current library Date acquired Total Checkouts Barcode Date last seen Price effective from
        Institute For Oriental Study, Thane Institute For Oriental Study, Thane 12/02/2009   1OS:1497 12/02/2009 12/02/2009